| 000 | 00763cam a22002653a 4500 | ||
|---|---|---|---|
| 001 | 986 | ||
| 003 | PGUSA | ||
| 005 | 20140828082955.0 | ||
| 008 | 060205s2006||||xxu|||||s|||||000 1 eng d | ||
| 040 |
_aPGUSA _beng |
||
| 042 | _adc | ||
| 050 | 4 | _aPG | |
| 100 | 1 |
_aTolstoy, Leo, graf, _d1828-1910 |
|
| 245 | 1 | 0 |
_aMaster and Man _h[electronic resource] / _cLeo, graf Tolstoy |
| 260 |
_bProject Gutenberg, _c2006 |
||
| 506 | _aPublic domain in the USA. | ||
| 516 | _aElectronic text | ||
| 653 | _aRussian fiction -- Translations into English | ||
| 653 | _aDidactic fiction | ||
| 700 | 1 |
_aMaude, Aylmer, _d1858-1938 |
|
| 700 | 1 |
_aMaude, Louise, _d1855-1939 |
|
| 830 | 0 |
_aProject Gutenberg _v986 |
|
| 856 | 4 | 0 | _uhttp://www.gutenberg.org/ebooks/986 |
| 942 | _cEB | ||
| 999 |
_c230337 _d230337 |
||